Libraries act on their LibQUAL+ findings : (Record no. 31259)

MARC details
000 -LEADER
fixed length control field 04330cam a2200541 a 4500
001 - CONTROL NUMBER
control field 13591089
005 - DATE AND TIME OF LATEST TRANSACTION
control field 20240318183208.0
008 - FIXED-LENGTH DATA ELEMENTS--GENERAL INFORMATION
fixed length control field 040512s2004 nyua b 001 0 eng
010 ## - LIBRARY OF CONGRESS CONTROL NUMBER
LC control number 2004011241
015 ## - NATIONAL BIBLIOGRAPHY NUMBER
National bibliography number GBA463889
Source bnb
016 7# - NATIONAL BIBLIOGRAPHIC AGENCY CONTROL NUMBER
Record control number 012981792
Source Uk
020 ## - INTERNATIONAL STANDARD BOOK NUMBER
International Standard Book Number 0789026015 (alk. paper)
020 ## - INTERNATIONAL STANDARD BOOK NUMBER
International Standard Book Number 9780789026019 (alk. paper)
020 ## - INTERNATIONAL STANDARD BOOK NUMBER
International Standard Book Number 0789026023 (soft cover : alk. paper)
020 ## - INTERNATIONAL STANDARD BOOK NUMBER
International Standard Book Number 9780789026026 (soft cover : alk. paper)
035 ## - SYSTEM CONTROL NUMBER
System control number (OCoLC)ocm55588413
035 ## - SYSTEM CONTROL NUMBER
System control number (OCoLC)55588413
037 ## - SOURCE OF ACQUISITION
Stock number 1240132
Source of stock number/acquisition QBI
040 ## - CATALOGING SOURCE
Original cataloging agency DLC
Transcribing agency DLC
Modifying agency YDX
-- UKM
-- COU
-- YBM
-- QBX
-- OCLCQ
-- BAKER
-- UPP
-- BTCTA
-- YDXCP
-- DLC
043 ## - GEOGRAPHIC AREA CODE
Geographic area code n-us---
050 00 - LIBRARY OF CONGRESS CALL NUMBER
Classification number Z731
Item number .L5415 2004
082 00 - DEWEY DECIMAL CLASSIFICATION NUMBER
Classification number 025.1/977
Edition number 22
090 ## - LOCALLY ASSIGNED LC-TYPE CALL NUMBER (OCLC); LOCAL CALL NUMBER (RLIN)
-- 31259
-- 31259
245 00 - TITLE STATEMENT
Title Libraries act on their LibQUAL+ findings :
Remainder of title from data to action /
Statement of responsibility, etc. Fred M. Heath, Martha Kyrillidou, Consuella A. Askew, editors.
260 ## - PUBLICATION, DISTRIBUTION, ETC.
Place of publication, distribution, etc. Binghamton, NY :
Name of publisher, distributor, etc. Haworth Information Press,
Date of publication, distribution, etc. c2004.
300 ## - PHYSICAL DESCRIPTION
Extent xviii, 254 p. :
Other physical details ill. (chiefly col.) ;
Dimensions 22 cm.
500 ## - GENERAL NOTE
General note "Co-published simultaneously as Journal of Library Administration, volume 40, numbers 3/4 2004."
504 ## - BIBLIOGRAPHY, ETC. NOTE
Bibliography, etc. note Includes bibliographical references and index.
505 00 - FORMATTED CONTENTS NOTE
Miscellaneous information The
Title starving research library user: relationships between library institutional characteristics and Spring 2002 LibQUAL+ scores /
Statement of responsibility Martha Kyrillidou,
-- Fred M. Heath --
Title CONSORTIA --
-- Defending and expanding library turf-the need for scalable consumer research /
Statement of responsibility Tom Sanville --
Miscellaneous information The
Title OhioLINK LibQUAL+ 2002 Experience: a consortium looks at service quality /
Statement of responsibility Jeff Gatten --
Title HEALTH SCIENCES LIBRARIES --
-- Exploring outcomes assessment: the AAHSL LibQUAL+ experience /
Statement of responsibility Tamera Lee --
Title LibQUAL+ in a problem-based learning (PBL) medical school: the case study of the medical library and Peyton T. Anderson Learning Resources Center (LRC) at Mercer University School of Medicine in Macon, Georgia /
Statement of responsibility Jan H. LaBeause --
Miscellaneous information The
Title evolution and application of assessment strategies at the University of Colorado Health Sciences Center /
Statement of responsibility Rick B. Forsman --
Miscellaneous information The
Title LibQUAL+ challenge: an Academic Medical Center's perspective, Duke University /
Statement of responsibility Richard Peterson,
-- Beverly Murphy,
-- Stephanie Holmgren,
-- Patricia L. Thibodeau --
Miscellaneous information An
Title Academic Medical Library using LibQual+: The experience of the Galter Health Sciences Library, Northwestern University /
Statement of responsibility James Shedlock,
-- Linda Walton --
Title UNIVERSITY/COLLEGE LIBRARIES --
-- Quantifying qualitative data: using LibQUAL+ comments for library-wide planning activities at the University of Arizona /
Statement of responsibility Wendy Begay,
-- Daniel R. Lee,
-- Jim Martin,
-- Michael Ray --
Title Another tool in the Assessment Toolbox: Integrating LibQUAL+ into the University of Washington Libraries Assessment Program /
Statement of responsibility Steve Hiller --
Title Mining LibQUAL+ data for pointers to service quality at Wayne State University /
Statement of responsibility Barton Lessin --
Title We asked they what they thought, now what do we do? The use of LibQUAL+ data to redesign Public Services at the University of Pittsburgh /
Statement of responsibility Amy E. Knapp --
Title LibQUAL+ meets strategic planning at the University of Florida /
Statement of responsibility Stephen R. Shorb,
-- Lori Driscoll --
Title Using LibQUAL+ data in strategic planning: Bowling Green State University /
Statement of responsibility Lorraine J. Haricombe,
-- Bonna J. Boettcher --
Title LibQUAL+ 2002 at Vanderbilt University: what do the results mean and where do we go from here? /
Statement of responsibility Flo Wilson.
630 00 - SUBJECT ADDED ENTRY--UNIFORM TITLE
Uniform title LibQUAL+.
9 (RLIN) 54148
650 #0 - SUBJECT ADDED ENTRY--TOPICAL TERM
Topical term or geographic name entry element Library surveys
Geographic subdivision United States.
9 (RLIN) 54149
650 #0 - SUBJECT ADDED ENTRY--TOPICAL TERM
Topical term or geographic name entry element Academic libraries
General subdivision Administration.
9 (RLIN) 54150
650 #0 - SUBJECT ADDED ENTRY--TOPICAL TERM
Topical term or geographic name entry element Libraries
General subdivision Quality control.
9 (RLIN) 54151
650 #0 - SUBJECT ADDED ENTRY--TOPICAL TERM
Topical term or geographic name entry element Information services
General subdivision Quality control.
9 (RLIN) 54152
650 12 - SUBJECT ADDED ENTRY--TOPICAL TERM
Topical term or geographic name entry element Library Surveys
Geographic subdivision United States.
9 (RLIN) 54153
650 12 - SUBJECT ADDED ENTRY--TOPICAL TERM
Topical term or geographic name entry element Library Services.
9 (RLIN) 54154
650 12 - SUBJECT ADDED ENTRY--TOPICAL TERM
Topical term or geographic name entry element Quality Control.
9 (RLIN) 14711
650 22 - SUBJECT ADDED ENTRY--TOPICAL TERM
Topical term or geographic name entry element Consumer Satisfaction.
9 (RLIN) 1018
650 22 - SUBJECT ADDED ENTRY--TOPICAL TERM
Topical term or geographic name entry element Library Administration
General subdivision methods
Geographic subdivision United States.
9 (RLIN) 54155
700 1# - ADDED ENTRY--PERSONAL NAME
Personal name Heath, Fred M.,
Dates associated with a name 1944-
9 (RLIN) 54156
700 1# - ADDED ENTRY--PERSONAL NAME
Personal name Kyrillidou, Martha.
9 (RLIN) 54157
700 1# - ADDED ENTRY--PERSONAL NAME
Personal name Askew, Consuella A.
9 (RLIN) 54158
730 0# - ADDED ENTRY--UNIFORM TITLE
Uniform title Journal of library administration.
9 (RLIN) 54159
856 41 - ELECTRONIC LOCATION AND ACCESS
Materials specified Table of contents
Uniform Resource Identifier <a href="http://www.loc.gov/catdir/toc/ecip0418/2004011241.html">http://www.loc.gov/catdir/toc/ecip0418/2004011241.html</a>
906 ## - LOCAL DATA ELEMENT F, LDF (RLIN)
a 7
b cbc
c orignew
d 1
e ecip
f 20
g y-gencatlg
942 ## - ADDED ENTRY ELEMENTS (KOHA)
Source of classification or shelving scheme Dewey Decimal Classification
Koha item type Book
Holdings
Withdrawn status Lost status Source of classification or shelving scheme Damaged status Not for loan Home library Current library Date acquired Total Checkouts Full call number Barcode Date last seen Cost, replacement price Price effective from Koha item type
    Dewey Decimal Classification     Archbishop Kiwanuka Memorial Library Archbishop Kiwanuka Memorial Library 27/06/2011   025.1977 LIB 34337 31/07/2018 80.00 27/06/2011 Book

Archbishop Kiwanuka Memorial Library | Uganda Martyrs University P.O. Box : 5498 Kampala, Uganda
Tel : +256-(0) 382-277-901 or +256-(0) 382-410-611 / E-mail : library@umu.ac.ug